LIBRARY & INFORMATION CENTRE, KCAET, TAVANUR

ONLINE PUBLIC ACCESS CATALOGUE (OPAC)

Instrumentation measurement and analysis / (Record no. 15461)

MARC details
000 -LEADER
fixed length control field 00365nam a22001337a 4500
020 ## - INTERNATIONAL STANDARD BOOK NUMBER
ISBN 9789385880629
082 ## - DEWEY DECIMAL CLASSIFICATION NUMBER
Classification number 621.374
Item number NAK/IN
100 ## - MAIN ENTRY--AUTHOR NAME
Personal name Nakra , B.C .
245 ## - TITLE STATEMENT
Title Instrumentation measurement and analysis /
250 ## - EDITION STATEMENT
Edition statement 4th ed.
260 ## - PUBLICATION, DISTRIBUTION, ETC. (IMPRINT)
Place of publication New Delhi :
Name of publisher Mc-Graw Hill Publishing Company ,
Year of publication 2017.
700 ## - ADDED ENTRY--PERSONAL NAME
Personal name Chaudhry, K.K.
942 ## - ADDED ENTRY ELEMENTS (KOHA)
Koha item type Books
Holdings
Withdrawn status Lost status Damaged status Home library Current library Date acquired Full call number Accession Number Koha item type
      KAUAET KAUAET 29/06/2018 621.374 NAK/IN 25617 Books
      KAUAET KAUAET 29/06/2018 621.374 NAK/IN 25618 Books
      KAUAET KAUAET 29/06/2018 621.374 NAK/IN 25616 Books
free website counter